000 02471cam a2200313 4500500
005 20260222002746.0
041 _afre
042 _adc
100 1 0 _aCarinos Vasquez, Emmanuelle
_eauthor
245 0 0 _a« M. Nick Conrad n’est pas Edward Norton ». Clips et pénalisation du rap français
260 _c2026.
500 _a94
520 _aL’article examine la place des clips dans la pénalisation du rap français. Il montre que les clips reconfigurent les dynamiques des controverses à propos du genre ; qu’un certain traitement judiciaire des images, en les interprétant comme preuves visuelles, rapproche la pénalisation du rap en France de celle dénoncée dans le monde anglo-saxon. La mise en images peut aussi, en évitant la textualisation et en permettant la comparaison avec le cinéma, renforcer la défense de la liberté artistique. L’article plaide pour une approche des controverses artistiques articulant analyses externes et internes, croisant enjeux de légitimité, processus de racialisation, avec la matérialité de l’œuvre et les prises qu’elle donne aux acteurs.
520 _a‪This article examines the role of music videos in the prosecution of French rap. We show, firstly, that the clips reconfigure the dynamics of controversies about the rap genre. Secondly, we show that judicial treatment of the images, by interpreting them as visual evidence, brings the prosecution of rap in France close to that of the Anglophone world. The use of images can, however, also strengthen the defense of artistic freedom; by avoiding textualization and by allowing comparison with cinema, we defend an approach to the study of artistic controversies which combines external and internal analyses, taking into account issues of legitimacy and racialization processes as well as the work’s material qualities and the « grips » that these qualities give to actors.‪
690 _aclip
690 _acontroverses
690 _alégitimité culturelle
690 _apénalisation
690 _aracialisation
690 _arap en procès
690 _aclip
690 _acontroversies
690 _acultural legitimacy
690 _aprosecution
690 _aracialization
690 _arap on trial
786 0 _nÉtudes de communication | - | 2 | 2026-02-18 | p. 65-84 | 1270-6841
856 4 1 _uhttps://shs.cairn.info/revue-etudes-de-communication-2025-2-page-65?lang=fr&redirect-ssocas=7080
999 _c1665977
_d1665977